<?xml version="1.0" encoding="UTF-8"?>
<record
    xmlns:xsi="http://www.w3.org/2001/XMLSchema-instance"
    xsi:schemaLocation="http://www.loc.gov/MARC21/slim http://www.loc.gov/standards/marcxml/schema/MARC21slim.xsd"
    xmlns="http://www.loc.gov/MARC21/slim">

  <leader>00638cas a2200205   4500</leader>
  <controlfield tag="001">85704</controlfield>
  <controlfield tag="003">BD-RjUL</controlfield>
  <controlfield tag="005">20250914131346.0</controlfield>
  <controlfield tag="008">250914d1975    pk ar         0   a0urd c</controlfield>
  <datafield tag="035" ind1=" " ind2=" ">
    <subfield code="a">(BD-RjUL)85704</subfield>
  </datafield>
  <datafield tag="040" ind1=" " ind2=" ">
    <subfield code="a">LCI</subfield>
    <subfield code="b">eng</subfield>
    <subfield code="c">LCI</subfield>
    <subfield code="d">OCLCL</subfield>
  </datafield>
  <datafield tag="041" ind1="0" ind2=" ">
    <subfield code="a">urd</subfield>
  </datafield>
  <datafield tag="082" ind1=" " ind2=" ">
    <subfield code="a">297.1225</subfield>
    <subfield code="2">23</subfield>
    <subfield code="b">QUR 1975</subfield>
  </datafield>
  <datafield tag="245" ind1="0" ind2="0">
    <subfield code="a">&#x645;&#x6A9;&#x645;&#x644;  &#x628;&#x6CC;&#x649;&#x627;&#x646; &#x627;&#x644;&#x642;&#x631;&#x622;&#x646; ;;  Mukammal biyan al Quran /</subfield>
    <subfield code="c">&#x645;&#x62D;&#x645;&#x62F; &#x627;&#x634;&#x631;&#x641; &#x639;&#x644;&#x6CC; &#x627;&#x644;&#x62A;&#x6BE;&#x627;&#x646;&#x648;&#x6CC; ;; Muhammad Ashraf Ali Al Thani</subfield>
  </datafield>
  <datafield tag="260" ind1=" " ind2=" ">
    <subfield code="a">Karachi : </subfield>
    <subfield code="b">Saikh Gulam ali , </subfield>
    <subfield code="c">1975</subfield>
  </datafield>
  <datafield tag="300" ind1=" " ind2=" ">
    <subfield code="a">v,;</subfield>
    <subfield code="c">32 cm</subfield>
  </datafield>
  <datafield tag="650" ind1=" " ind2=" ">
    <subfield code="a">Al Quran </subfield>
    <subfield code="v">Tafsir</subfield>
    <subfield code="9">16879</subfield>
  </datafield>
  <datafield tag="942" ind1=" " ind2=" ">
    <subfield code="2">ddc</subfield>
    <subfield code="c">BK</subfield>
  </datafield>
  <datafield tag="999" ind1=" " ind2=" ">
    <subfield code="c">85704</subfield>
    <subfield code="d">85704</subfield>
  </datafield>
  <datafield tag="952" ind1=" " ind2=" ">
    <subfield code="0">0</subfield>
    <subfield code="1">0</subfield>
    <subfield code="2">ddc</subfield>
    <subfield code="4">0</subfield>
    <subfield code="7">1</subfield>
    <subfield code="8">NFIC</subfield>
    <subfield code="a">RUCL</subfield>
    <subfield code="b">RUCL</subfield>
    <subfield code="c">Reading</subfield>
    <subfield code="d">2025-09-14</subfield>
    <subfield code="g">5.00</subfield>
    <subfield code="l">0</subfield>
    <subfield code="o">U 297.1225 QUR 1975</subfield>
    <subfield code="r">2025-09-14 00:00:00</subfield>
    <subfield code="t">C-1</subfield>
    <subfield code="w">2025-09-14</subfield>
    <subfield code="y">BK</subfield>
  </datafield>
</record>
